Представление документа в формате RUSMARC

ПолеНазваниеЗначение
  Тип записи a
  Библиографический уровень a
001 Контрольный номер RU/УОНБ/EK_KRAY/320887909
005 Дата корректировки 20250324122539.1
100 Данные общей обработки __
a Данные общей обработки 19980705d1998 u u0rusy0103 ba
101 Язык документа 0_
a Язык текста rus
200 Заглавие и сведения об ответственности 1_
a Заглавие Поколение десятое. Братья
e Сведения, относящиеся к заглавию глава из трилогии "Карамзины. Фатальная хроника"
f Первые сведения об ответственности подгот. Т. Жилкина
210 Выходные данные 1_
d Дата издания 1998
330 Аннотация __
a Аннотация Продолж. Начало: N 183, 1997.
461 Уровень набора _0
1 2001
a Грани
463 Уровень физической единицы _0
1 2000
a № 187
v С. 198-239.
1 210
d 1998
600 Персоналии _1
a Персоналии (Фамилия) Карамзин, Николай Михайлович
610 Ключевые слова 0_
a Ключевые слова трилогия
686 Индексы других классификаций __
a Классификационный индекс 83.3-8
2 Код системы rubbk
700 Автор _1
a Фамилия Карамзин
b Имя (инициалы) А.
702 Вторичная интеллектуальная ответственность _1
a Фамилия Жилкина
b Имя (инициалы) Т.
4 Код отношения подгот.
801 Источник записи _0
a Страна RU
b Организация Ульяновская ОНБ
c Дата составления 19980705
g Правила каталогизации PSBO
801 Источник записи _1
a Страна RU
b Организация Ульяновская ОНБ
c Дата составления 19980705
901 Тип документа __
t Тип документа b
909 Создатель записи __
a Создатель записи
938 Служебная информация __
a Имя БД kraeved_work
b Имя библиотеки УОНБ
c Имя АИБС МАРК-SQL
d Номер DOC_ID в БД 31898